| 000 | 00625cam a2200217ua 4500 | ||
|---|---|---|---|
| 001 | 3447 | ||
| 005 | 20260515113659.0 | ||
| 008 | 111105n ii |||gr||||Z||||||asm | ||
| 040 | _cMAIN | ||
| 082 | _a342.54 | ||
| 100 | 1 | _aRajkhowa, Satishchandra, | |
| 245 | 1 | 1 |
_aBharatiya sangbidhan aru swayatta sasan _cby Satishchandra Rajkhowa |
| 250 | _a5th. | ||
| 260 |
_aDibrugarh: _bCo-ordination committee for production of textbooks, Dibrugarh university,984. |
||
| 300 | _a203p. | ||
| 653 | _aPolitical science | ||
| 653 | _aBharatiya sangbidhan | ||
| 653 | _aSwayatta sasan | ||
| 653 | _aIndian constitution | ||
| 942 | _cBK | ||
| 999 |
_c3288 _d3288 |
||